ბათუმის შოთა რუსთაველის სახელმწიფო უნივერსიტეტის ბიბლიოთეკა

ელექტროტექნიკის თეორიული საფუძვლები სამ ნაწილად. ნაწ. მეორე : ცვლადი დენის წრედების თეორია : სახელმძღვ. / (ბიბ.ჩანაწერი № 37448)

000 -ლიდერი
ფიქსირებული სიგრძის საკონტროლო ველი 01245nam a2200217Ia 4500
001 - საკონტროლო ნომერი
საკონტროლო ველი 3407
003 - საკონტროლო ნომრის იდენტიფიკატორი
საკონტროლო ველი GE_BSU
005 - ბოლო ოპერაციის თარიღი და დრო
საკონტროლო ველი 20190607180100.0
008 - ფიქსირებული სიგრძის მონაცემთა ელემენტები - ზოგადი ინფორმაცია
ფიქსირებული სიგრძის საკონტროლო ველი 181216s1966||||ge |||||||||||||| ||geo||
040 ## - კატალოგიზაციის წყარო
Transcribing agency GE_BSU
041 ## - ენის კოდი
Language code of text/sound track or separate title geo
080 ## - უნივერსალური ათობითი კლასიფიკაციის ინდექსი
Universal Decimal Classification number 621.3.01(075.8) ნ–44
100 ## - მთავარი ჩანაწერი - პიროვნების სახელი
Personal name ნეიმანი,ლეონიდ.
9 (RLIN) 2285
245 ## - ცნობა სათაურის შესახებ
Title ელექტროტექნიკის თეორიული საფუძვლები სამ ნაწილად. ნაწ. მეორე : ცვლადი დენის წრედების თეორია : სახელმძღვ. /
Statement of responsibility, etc ლეონიდ ნეიმანი ; პ. კალანტაროვა.
250 ## - გამოცემის ცნობა
Edition statement თარგმ. მე-5 გადამუშ. რუს. გამოცემიდან.
264 ## - წარმოების, გამოცემის, დისტრიბუციის და სხვა ცნობები
გამოცემის, წარმოების, დისტრიბუციის... ადგილი თბილისი :
გამოცემის, წარმოების, დისტრიბუციის... სახელწოდება განათლება,
გამოცემის, წარმოების, დისტრიბუციის... თარიღი 1966.
300 ## - ფიზიკური აღწერა
Extent 503 გვ .:
Dimensions 22 სმ.
Accompanying material ნახაზები.
653 ## - INDEX TERM--UNCONTROLLED
Uncontrolled term ელექტროტექნიკის თეორიული საფუძვლები. ცვლადი დენის წრედების თეორია
700 ## - ADDED ENTRY--PERSONAL NAME
Personal name კალანტაროვა, პ
9 (RLIN) 2286
942 ## - ADDED ENTRY ELEMENTS (KOHA)
Koha item type წიგნი
Source of classification or shelving scheme
ეგზემპლარები
ჩამოწერის სტატუსი დაკარგული ეგზემპლარის სტატუსი კლასიფიკაციის წყარო ან თაროზე გაწყობის სქემა დაზიანების სტატუსი არ გაიცემა მუდმივი მდებარეობა (დაცვის ადგილი) ამჟამინდელი ადგილსამყოფელი თაროზე განთავსების ადგილი შეძენის თარიღი ღირებულება, შესყიდვის ნორმალური ფასი სრული შენახვის შიფრი შტრიხკოდი ბოლო ოპერაციის თარიღი ეგზემპლარის მიმდევრობითი ნომერი (კეტერი?) ფასის ძალაში შესვლის თარიღი ეგზემპლარის სახეობა საჯარო შენიშვნა
          ტექნოლოგიური ფაკულტეტის ბიბლიოთეკა ტექნოლოგიური ფაკულტეტის ბიბლიოთეკა წიგნსაცავი 2018-12-17 1.00 621.3.01(075.8) ნ–44 10626 2018-12-17 10626 2018-12-17 წიგნი 1 ლ. 44 თ.
          ტექნოლოგიური ფაკულტეტის ბიბლიოთეკა ტექნოლოგიური ფაკულტეტის ბიბლიოთეკა წიგნსაცავი 2018-12-17 1.00 621.3.01(075.8) ნ–44 10627 2018-12-17 10627 2018-12-17 წიგნი 1 ლ. 44 თ
          ტექნოლოგიური ფაკულტეტის ბიბლიოთეკა ტექნოლოგიური ფაკულტეტის ბიბლიოთეკა წიგნსაცავი 2018-12-17 1.00 621.3.01(075.8) ნ–44 10628 2018-12-17 10628 2018-12-17 წიგნი 1 ლ. 44 თ.